LEADER 00840nam0-22002891i-450- 001 990001667100403321 005 20070508110618.0 035 $a000166710 035 $aFED01000166710 035 $a(Aleph)000166710FED01 035 $a000166710 100 $a20030910d1928----km-y0itay50------ba 101 0 $aita 102 $aIT 200 1 $aCome coltivare l'orto e il giardino?$ela buona massaia: sue occupazioni e passatempi in città e in campagna$fAngiolo Pucci 210 $aMilano$cHoepli$d1928 215 $a538 p.$d19 cm 610 0 $aOrticoltura 676 $a635 700 1$aPucci,$bAngiolo$071997 801 0$aIT$bUNINA$gRICA$2UNIMARC 901 $aBK 912 $a990001667100403321 952 $a60 DONO IERNA 182$b36104$fFAGBC 959 $aFAGBC 996 $aCome coltivare l'orto e il giardino$9370362 997 $aUNINA LEADER 01019nam a22002531i 4500 001 991003539879707536 005 20040505071522.0 008 040802s1977 fr |||||||||||||||||fre 035 $ab13089560-39ule_inst 035 $aARCHE-104217$9ExL 040 $aBiblioteca Interfacoltà$bita$cA.t.i. Arché s.c.r.l. Pandora Sicilia s.r.l. 082 04$a848 100 1 $aMarot, Clément$d<1496-1544>$0457215 245 14$aLes epitres /$cClement Marot ; édition critique par C. A. Mayer 260 $aParis :$bNizet,$cstampa 1977 300 $a309 p. ;$c22 cm 700 1 $aMayer, Claude Albert 907 $a.b13089560$b02-04-14$c05-08-04 912 $a991003539879707536 945 $aLE002 Fondo Giudici H 1544$g1$i2002000327611$lle002$nC. 1$o-$pE0.00$q-$rn$so $t0$u0$v0$w0$x0$y.i13722128$z05-08-04 945 $aLE002 Fr. I E 31$g2$i2002000946140$lle002$o-$pE0.00$q-$rl$s- $t0$u0$v0$w0$x0$y.i15062272$z21-01-10 996 $aEpitres$9289907 997 $aUNISALENTO 998 $ale002$b05-08-04$cm$da $e-$ffre$gfr $h4$i1 LEADER 02021nam 2200493zu 450 001 9910376386803321 005 20210807005105.0 010 $a1-4503-2921-7 035 $a(CKB)3780000000084994 035 $a(SSID)ssj0001341715 035 $a(PQKBManifestationID)11866661 035 $a(PQKBTitleCode)TC0001341715 035 $a(PQKBWorkID)11286033 035 $a(PQKB)10523271 035 $a(WaSeSS)IndRDA00027527 035 $a(Association for Computing Machinery)10.1145/2602988 035 $a(EXLCZ)993780000000084994 100 $a20160829d2014 uy 101 0 $aeng 135 $aur||||||||||| 181 $ctxt 182 $cc 183 $acr 200 10$aISMM '14 : proceedings of the 2014 ACM SIGPLAN International Symposium on Memory Management : June 12, 2014, Edinburgh, UK 210 31$a[Place of publication not identified]$cACM$d2014 215 $a1 online resource (130 pages) 225 1 $aACM Conferences 300 $aBibliographic Level Mode of Issuance: Monograph 410 0$aACM Conferences 517 1 $aInternational Symposium on Memory Management '14 :$eproceedings of the 2014 Association for Computing Machinery Special Interest Group on Programming Languages International Symposium on Memory Management : June 12, 2014, Edinburgh, United Kingdom 517 1 $aProceedings of the 2014 International Symposium on Memory Management 517 1 $aISMM '14 517 1 $aInternational Symposium on Memory Management, Edinburgh, United Kingdom - June 12, 2014 606 $aEngineering & Applied Sciences$2HILCC 606 $aComputer Science$2HILCC 615 7$aEngineering & Applied Sciences 615 7$aComputer Science 700 $aGrove$b David$04892 712 02$aACM Special Interest Group on Programming Languages 801 0$bPQKB 906 $aBOOK 912 $a9910376386803321 996 $aISMM '14 : proceedings of the 2014 ACM SIGPLAN International Symposium on Memory Management : June 12, 2014, Edinburgh, UK$91990030 997 $aUNINA